000 00756nam a22002417a 4500
003 OSt
005 20250711014910.0
008 250711b |||||||| |||| 00| 0 eng d
020 _a9789712368219
040 _aDWCL - Main lib
_cOC
082 _aFil. 370 A657f 2015
100 _aAquino, Avelina M.
245 _aFacilitating human learning/
_cAvelina M. Aquino
250 _a2nd edition.
260 _aManila :
_b Rex Book Store,
_cc2015.
300 _axvi, 294 Pages :
_b illustrations ;
_c 25 cm.
504 _aIncludes bibliographical references and index.
650 _a1. Educational innovations.
650 _a2. Effective Teaching.
650 _a3. Learning.
650 _a4. Teaching.
942 _2ddc
_cBK - FIL
_e2nd edition.
_kFil.
_n0
999 _c3607
_d3607